Sharjah Art Foundation Library

عزف منفرد على الطبل/ (Record no. 6629)

MARC details
000 -LEADER
fixed length control field 00605nam a2200193Ia 4500
001 - CONTROL NUMBER
control field 6629
008 - FIXED-LENGTH DATA ELEMENTS--GENERAL INFORMATION
fixed length control field 260622s9999 xx 000 0 und d
245 #0 - TITLE STATEMENT
Title عزف منفرد على الطبل/
Statement of responsibility, etc. طلال معلا
260 ## - PUBLICATION, DISTRIBUTION, ETC.
Place of publication, distribution, etc. دمشق؛
Name of publisher, distributor, etc. ورد للطباعة و النشر و التوضيع؛
Date of publication, distribution, etc. 2000
300 ## - PHYSICAL DESCRIPTION
Extent 86p;
Dimensions 22x14cm
505 ## - FORMATTED CONTENTS NOTE
Formatted contents note Solo performance on the drum. By Talal Mualla
520 ## - SUMMARY, ETC.
Summary, etc. Text
546 ## - LANGUAGE NOTE
Language note Arabic
650 ## - SUBJECT ADDED ENTRY--TOPICAL TERM
Topical term or geographic name entry element PJ7501-8517 Arabic literature
650 ## - SUBJECT ADDED ENTRY--TOPICAL TERM
Topical term or geographic name entry element Social conditions
9 (RLIN) 9482
651 ## - SUBJECT ADDED ENTRY--GEOGRAPHIC NAME
Geographic name Syria
700 ## - ADDED ENTRY--PERSONAL NAME
Personal name Mualla, Talal طلال معلا
9 (RLIN) 6214
942 ## - ADDED ENTRY ELEMENTS (KOHA)
Koha item type Book
Holdings
Withdrawn status Lost status Damaged status Not for loan Collection Home library Current library Date acquired Total Checkouts Full call number Barcode Date last seen Price effective from Koha item type
        Language and Literature SAF Reference Library SAF Reference Library 06/22/2026   PJ7501-8517 139.721 6629 06/22/2026 06/22/2026 Book

Copyright © 2022. Sharjah Art Foundation. All Rights Reserved.